Challenges of rural urban classification for decentrlised governance (Record no. 52855)

000 -LEADER
fixed length control field 00725pab a2200157 454500
008 - FIXED-LENGTH DATA ELEMENTS--GENERAL INFORMATION
fixed length control field 180718b2002 xxu||||| |||| 00| 0 eng d
100 ## - MAIN ENTRY--PERSONAL NAME
Personal name Bhagat, R.B.
245 ## - TITLE STATEMENT
Title Challenges of rural urban classification for decentrlised governance
260 ## - PUBLICATION, DISTRIBUTION, ETC.
Date of publication, distribution, etc. 2002
300 ## - PHYSICAL DESCRIPTION
Extent p.2413-416.
362 ## - DATES OF PUBLICATION AND/OR SEQUENTIAL DESIGNATION
Dates of publication and/or sequential designation 22 Jun
520 ## - SUMMARY, ETC.
Summary, etc. Rural and urban areas under the new panchayat raj amendments will not only have to make their own plans but also generate some resources locally. This brings into sharp focus the many problems thrown up by the existing definitions of rural and urban areas which impinge on effective local governance. - Reproduced.
650 ## - SUBJECT ADDED ENTRY--TOPICAL TERM
Topical term or geographic name entry element Decentralization
773 ## - HOST ITEM ENTRY
Main entry heading Economic and Political Weekly
909 ## -
-- 52855
Holdings
Withdrawn status Lost status Damaged status Not for loan Permanent Location Current Location Date acquired Serial Enumeration / chronology Barcode Date last seen Price effective from Koha item type
        Indian Institute of Public Administration Indian Institute of Public Administration 2018-07-19 Volume no: 37, Issue no: 25 AR53285 2018-07-19 2018-07-19 Articles

Powered by Koha